Diccionario de dificultades y aparentes contradicciones bíblicas (Registro nro. 31648)
[ vista simple ]
| 000 -LÍDER | |
|---|---|
| Campo fijo de descripción fija | 009450000a22002530004500 |
| 001 - NÚMERO DE CONTROL | |
| Campo de control | 97 |
| 003 - IDENTIFICADOR DEL NÚMERO DE CONTROL | |
| Campo de control | CO-MdFUSB |
| 005 - FECHA Y HORA DE LA ULTIMA TRANSACCIÓN | |
| control field | 20160528105303.0 |
| 008 - ELEMENTOS DE LONGITUD FIJA -- INFORMACIÓN GENERAL | |
| Campo fijo de descripción fija -- Información general | 160528t1989 sp f |||| 00| 0 spa d |
| 020 ## - NÚMERO INTERNACIONAL NORMALIZADO PARA LIBROS | |
| Número Internacional Normalizado del libro | 87-7645-323-X |
| 040 ## - FUENTE DE CATALOGACIÓN | |
| Agencia de catalogación original | CO-MdFUSB |
| Idioma de catalogación | Español |
| Agencia que realiza la transcripción | CO-MdFUSB |
| Agencia que realiza la modificación | CO-MdFUSB |
| 041 0# - CÓDIGO DE IDIOMA | |
| Código de idioma para texto/pista de sonido o título separado | spa |
| 082 04 - NÚMERO DE CLASIFICACIÓN DECIMAL DEWEY | |
| Número de clasificación | R 220.6 H168d |
| 100 1# - ASIENTO PRINCIPAL--NOMBRE PERSONAL | |
| Nombre personal | Haley, John W. (William) (1834-1927) |
| 245 00 - TÍTULO | |
| Título del Material | Diccionario de dificultades y aparentes contradicciones bíblicas |
| Mención de responsabilidad, etc. | / John W. Haley, Santiago Escuain |
| 264 ## - PRODUCCIÓN, PUBLICACIÓN, DISTRIBUCIÓN, MANUFACTURA, Y COPYRIGHT | |
| Lugar de producción, publicación, distribución, manufactura | Barcelona, España |
| Nombre del productor, publicador, distribuidor | : CLIE, |
| Fecha de producción, publicación, distribución, manufactura, o copyright | 1989 |
| 300 ## - DESCRIPCIÓN FÍSICA | |
| Extensión | 597 Pag. |
| 336 ## - TIPO DE CONTENIDO | |
| Fuente | rdacontent |
| Término de tipo de contenido | |
| Código de tipo de contenido | |
| 337 ## - TIPO DE MEDIO | |
| Fuente | rdamedia |
| Nombre del tipo de medio | |
| Código del tipo de medio | |
| 338 ## - TIPO DE SOPORTE | |
| Fuente | rdacarrier |
| Nombre del tipo de soporte | |
| Código Tipo de soporte | |
| 505 ## - NOTA DE CONTENIDO | |
| Nota de contenido con formato preestablecido | 1. Orígenes de las discrepancias 2. Propósito de las discrepancias 3. Resultado de las discrepancias 4. Discrepancias doctrinales 5. Discrepancias éticas 6. Discrepancias históricas |
| 653 ## - TÉRMINO DE INDIZACIÓN - NO CONTROLADO | |
| Término no controlado | HERMENEUTICA BIBLICA |
| -- | \ BIBLIA - DICCIONARIOS |
| 942 ## - TIPO DE MATERIAL (KOHA) | |
| Tipo de Item KOHA | Libros General |
| Estado de Material | Estado de Perdido | Estado de Dañado | No para Préstamo | Colección | Tomo | Biblioteca de Origen | Biblioteca Permanente | Fecha de Adquisición | Total de Préstamos | Signatura Topográfica | Código de Barras | Última vez visto | Última vez Préstado | Ejemplar/Existencia | Fecha de Remplazo | Tipo de Material |
|---|---|---|---|---|---|---|---|---|---|---|---|---|---|---|---|---|
| Colección de Referencia | Biblioteca FUSBC | Biblioteca FUSBC | 25/08/2004 | 2 | R 220.6 H168d | 1242 | 19/03/2025 | 06/05/2019 | 1 | 26/01/2016 | Libros de Referencia |
